Đấy mạnh thu hút nguồn vốn đầu tư trực tiếp nước ngoài của Hàn Quốc vào TP Đà Nẵng /

Cơ sơ li luan ve đau tư trưc tiep nươc ngoai

Tallennettuna:
Bibliografiset tiedot
Päätekijä: Nguyễn Thùy Nhung
Muut tekijät: ThS Đăng Vinh huong dan
Aineistotyyppi: Opinnäyte
Kieli:Vietnamese
Julkaistu: ĐHĐN - Trương ĐH ngoại ngữ, 2013.
Aiheet:
Tagit: Lisää tagi
Ei tageja, Lisää ensimmäinen tagi!
Thư viện lưu trữ: Mạng thư viện Đại học Đà Nẵng
LEADER 01475na a2200361 4500
001 000031299
003 5938
005 20230406152015.0
008 151001s2013 000 vie
040 |a LNN 
041 |a vie 
082 |a 959.73326  |b NG-N 
100 |a Nguyễn Thùy Nhung 
245 0 |a Đấy mạnh thu hút nguồn vốn đầu tư trực tiếp nước ngoài của Hàn Quốc vào TP Đà Nẵng /  |c Nguyễn Thùy Nhung. 
246 |a Luan văn tot nghiep 
260 |b ĐHĐN - Trương ĐH ngoại ngữ,  |c 2013. 
300 |a 30cm :  |b 70 tr;. 
502 |a Luan văn sinh vien 
505 |a Chuyen nghanh Quoc te hoc. 
520 |a Cơ sơ li luan ve đau tư trưc tiep nươc ngoai  |x Thưc trang thu hut nguon von dau tư trưc tiep nươc ngoai  |y Giai phap nhăm đay manh thu hut nuon von dau tư. 
653 |a Nguyễn Thùy Nhung, 2013, đầu tư, ĐN, Hàn quốc, 
700 |a ThS Đăng Vinh  |b huong dan 
852 |a Luận văn sinh viên  |b Quoc te hoc 
OWN |a LNN 
AVA |a UDN50  |b LNN  |d 959.73326 NG-N  |e available  |t Error 5001 Not defined in file expand_doc_bib_avail.  |f 3  |g 0  |h N  |i 0 
999 |a From the UDN01 
AVA |a UDN50  |b LNN  |d 959.73326 NG-N  |e available  |t Error 5001 Not defined in file expand_doc_bib_avail.  |f 3  |g 0  |h N  |i 0 
TYP |a Dissertation 
TYP |a Printed language 
980 |a Mạng thư viện Đại học Đà Nẵng